Cadenas en China / (Registro nro. 63307)

Detalles MARC
000 -LEADER
campo de control de longitud fija 02222nam a22003254i 4500
003 - IDENTIFICADOR DE NÚMERO DE CONTROL
campo de control PE-LiUPU
005 - FECHA Y HORA DE LA ÚLTIMA TRANSACCIÓN
campo de control 20260219092517.0
008 - DATOS DE LONGITUD FIJA--INFORMACIÓN GENERAL
campo de control de longitud fija 160000s2016 ag a b 000 0 spa d
020 ## - NÚMERO INTERNACIONAL ESTÁNDAR DEL LIBRO
Número Internacional Estándar del Libro 9789877015447
040 ## - FUENTE DE CATALOGACIÓN
Centro catalogador/agencia de origen PE-LiUPU
Lengua de catalogación spa
Centro/agencia transcriptor PE-LiUPU
Normas de descripción rda
041 1# - CÓDIGO DE IDIOMA
Código de lengua del texto/banda sonora o título independiente spa
Código de lengua original eng
082 04 - NÚMERO DE LA CLASIFICACIÓN DECIMAL DEWEY
Número de clasificación 286.73251
Cutter B725c
Número de edición 23
100 1# - ENTRADA PRINCIPAL--NOMBRE DE PERSONA
Nombre de persona Booth, Bradley,
Término indicativo de función/relación autor.
9 (RLIN) 8105
245 10 - MENCIÓN DEL TÍTULO
Título Cadenas en China /
Mención de responsabilidad, etc. Bradley Booth.
250 ## - MENCION DE EDICION
Mención de edición Primera edición.
264 #1 - PRODUCCIÓN, PUBLICACIÓN, DISTRIBUCIÓN, FABRICACIÓN Y COPYRIGHT
Producción, publicación, distribución, fabricación y copyright Florida :
Nombre del de productor, editor, distribuidor, fabricante Asociación Casa Editora Sudamericana,
Fecha de producción, publicación, distribución, fabricación o copyright 2016.
300 ## - DESCRIPCIÓN FÍSICA
Extensión 152 páginas :
Otras características físicas ilustraciones ;
Dimensiones 21 cm
336 ## - TIPO DE CONTENIDO
Término de tipo de contenido text
Fuente rdacontent
337 ## - TIPO DE MEDIO
Nombre/término del tipo de medio unmediated
Fuente rdamedia
338 ## - TIPO DE SOPORTE
Nombre/término del tipo de soporte volume
Fuente rdacarrier
500 ## - NOTA GENERAL
Nota general Título original: Chains in China.
520 ## - RESUMEN, ETC.
Sumario, etc. Encarcelado por su fe, el Pastor Chen sufrió pruebas increíbles por Dios en la China comunista.
Ampliación de la nota de sumario Chen era adventista del séptimo día, y lo había sido toda su vida; se esperaba que los adventistas fueran leales a su país y a su Dios. Los principios de la Biblia no alientan a los cristianos a que sean cobardes, que se escapen o se oculten. No obstante, portar armas con la intención de matar y no poder observar el sábado son problemas que los adventistas enfrentan en el ejército, y Chen sabía que no tendría escapatoria para lo uno ni para lo otro. Se supone que un soldado, al alistarse, se compromete a obedecer a su comandante. ¿Estaba Chen dispuesto a portar un arma y usarla para matar? Esa era una pregunta muy fácil de responder para un no cristiano, pero para un adventista del séptimo día era algo muy diferente. Chen sabía que estaba sobre la Tierra para salvar vidas, no para destruirlas. Este libro nos presenta la inspiradora historia de fe y valor de un hijo de Dios que, en la China comunista, decidió ser fiel a Dios “aunque se desplomen los cielos”
650 14 - PUNTO DE ACCESO ADICIONAL DE MATERIA--TÉRMINO DE MATERIA
Término de materia o nombre geográfico como elemento de entrada Adventistas del Séptimo Día
Subdivisión geográfica China
650 24 - PUNTO DE ACCESO ADICIONAL DE MATERIA--TÉRMINO DE MATERIA
Término de materia o nombre geográfico como elemento de entrada Persecución religiosa
Subdivisión geográfica China
Subdivisión cronológica Siglo XX
9 (RLIN) 8161
700 ## - ENTRADA AGREGADA--NOMBRE PERSONAL
Nombre de persona Pepe, Gabriela S.,
Término indicativo de función/relación directora.
9 (RLIN) 8106
700 1# - ENTRADA AGREGADA--NOMBRE PERSONAL
Nombre de persona Itin, Rolando A.,
Término indicativo de función/relación traductor.
710 2# - ENTRADA AGREGADA--NOMBRE DE ENTIDAD CORPORATIVA
Nombre de entidad corporativa o nombre de jurisdicción como elemento de entrada Asociación Casa Editora Sudamericana,
Término indicativo de función/relación editor.
942 ## - ELEMENTOS DE ENTRADA SECUNDARIOS (KOHA)
Fuente del sistema de clasificación o colocación Clasificación Decimal Dewey
Tipo de ítem Koha Libros físicos
980 ## - EQUIVALENCIA O REFERENCIA-CRUZADA-MENCIÓN DE SERIE--NOMBRE DE PERSONA/TÍTULO [LOCAL, CANADÁ]
ID del usuario creador del registro 18228
Nombre del creador del registro Rebeca Esther Huerta Leyton
ID del último usuario que modificó el registro 18226
Nombre del último usuario que modificó el registro Jaime Vilcazán Jefe de Análisis Documental
Existencias
Visto por última vez Total de préstamos Signatura topográfica completa Código de barras Copia número Coste, precio de reemplazo Fecha de reemplazo Facultad Tipo de ítem Koha Estado de pérdida Fuente del sistema de clasificación o colocación Restricciones de uso No para préstamo Colección Programa académico Biblioteca de origen Biblioteca actual Ubicación en estantería Fecha de adquisición Fuente de adquisición
2026-03-15   286.73251 B725c 83103 e1 20.00 2026-02-17 Teología Libros físicos No Perdido Clasificación Decimal Dewey No restringido Disponible para préstamos Colección General Teología Biblioteca CRAI UPeU Lima Biblioteca CRAI UPeU Lima Sala principal 2025-12-10 Donación, David Echevarría